000 00632nam a2200193 a 4500
001 000048750
005 20201002061359.0
008 190411s2016 dr 000 0 spa d
020 _a9789945167306
040 _aDO-SdBNP
_bspa
_cBNPHU
082 _axxxx
_bS161i
100 1 _aSalcedo Jorge, Lino Rafael
_976205
245 1 0 _aInfidelidad :
_bcómo superarla, cómo afrontarla /
_cLino Rafael Salcedo Jorge.
260 _aSanto Domingo :
_bBúho,
_c2016.
300 _a92 p. ;
_c22 cm.
500 _aIncluye datos biográficos del autor en la contracubierta.
504 _aBibliografía : p. 91-92
590 _aInventariado, 2019/LP
999 _c48238
_d48238